000 00251nam a22000857a 4500
008 160702b xxu||||| |||| 00| 0 eng d
100 _91758
_a Kapur, J.N
245 _aSuggested Experiments in School Mathematics
260 _aNew Delhi
_bArya Publication
_c2005
999 _c1462
_d1462